000 00611nam a2200181Ia 4500
008 090124s9999 xx 000 0 und d
082 _b25165
_a2672
100 _aमेश्राम प्रदिप शालिग्राम
245 _a धाकटी पाती
250 _a1
260 _c1986
300 _a484
600 _aमेश्राम प्रदिप शालिग्राम
630 _a धाकटी पाती
700 _aमेश्राम प्रदिप शालिग्राम
730 _a धाकटी पाती
942 _cBOOK
999 _c138693
_d138693